|
|
|
|
| LEADER |
00000cam a2200000 a 4500 |
| 001 |
vtls008402989 |
| 003 |
SK-MaSNL |
| 005 |
20260302074802.0 |
| 008 |
230403s1955 xo n 000 0 hun |
| 015 |
|
|
|a SNBA19451955-012787
|
| 035 |
|
|
|a SK01SNKBKSFS20020095206
|
| 035 |
|
|
|a urn:nbn:sk:snk-am3iept
|
| 035 |
|
|
|a urn:nbn:sk:snk-am00e76u
|
| 035 |
|
|
|a E0AD97AB-89CF-498C-BB9E-CB477A8A5809
|
| 035 |
|
|
|a SKM000097669
|
| 040 |
|
|
|a SNK
|b slo
|c SNK
|e AACR2
|
| 041 |
1 |
|
|a hun
|h slo
|
| 044 |
|
|
|a xo
|c SK
|
| 080 |
|
|
|a 349
|2 1981
|
| 080 |
|
|
|a 331
|2 1981
|
| 100 |
1 |
|
|a Tuma, Ladislav
|4 aut
|9 268853
|
| 240 |
1 |
0 |
|a Aktuality pracovného práva
|l Maďarsky
|
| 245 |
1 |
0 |
|a A dolgozók jogai és kötelességei
|c Ladislav Tuma, Albín Žila
|b (a szlov. ered. mű címe ... ford. Fogarassy László és Dénes Dezső)
|
| 250 |
|
|
|a Első kiadás
|
| 260 |
|
|
|a Bratislava
|b Práca - ROH Könyvkiadó
|c 1955
|e Bratislava
|f Graf. tlač.
|
| 300 |
|
|
|a 215, [8] s.
|c 21 cm
|
| 366 |
|
|
|e 2100 kusov
|
| 490 |
1 |
|
|a Szakszervezeti tagok könyvtára
|v 2. köt.
|
| 504 |
|
|
|a Bibliografia na strane 216
|
| 650 |
0 |
7 |
|a pracovné právo
|2 SNKPH
|9 982
|
| 655 |
|
7 |
|a monografie
|2 SNKPH
|9 70139
|
| 700 |
1 |
|
|a Žila, Albín
|4 aut
|9 309601
|
| 700 |
1 |
|
|a Fogarassy, László,
|d 1920-1994
|4 trl
|9 346236
|
| 700 |
1 |
|
|a Dénes, Dezső
|4 trl
|9 309153
|
| 830 |
|
0 |
|a Szakszervezeti tagok könyvtára
|9 290725
|
| 852 |
|
|
|a Slovenská národná knižnica
|
| 954 |
|
|
|a odborná, vedecká literatúra pôvodná (slovenská)
|2 lita
|
| 958 |
|
|
|a OND
|
| 958 |
|
|
|a RK
|
| 958 |
|
|
|a TL
|
| 958 |
|
|
|a NB
|
| 958 |
|
|
|a SP
|
| 958 |
|
|
|a OP
|
| 958 |
|
|
|a EUIPO
|
| 999 |
|
|
|c 1166474
|d 1168404
|
| 952 |
|
|
|a SNK
|b SNK
|y PREZ
|7 0
|p 17A0779863
|o snkSC 5774
|i snk623/55
|0 0
|1 0
|4 0
|d 2019-04-10
|f 1
|l 0
|r 2025-07-04 00:00:00
|w 2026-02-24
|